000
00278nam a2200133Ia 4500
100
_a
Miller/ M.A.
942
_c
BK
654
_a
Lian
245
_a
Lian Troubleshooting handbook
260
_b
B.P.B. Pub
_a
New Delhi
_c
1993
082
_a
4.68
546
_a
ENGLISH
999
_c
33780
_d
33780